INDUSTRIAL, BIOTECHNOLOGY (Record no. 6083)

MARC details
000 -LEADER
fixed length control field 00379nam a22001577a 4500
005 - DATE AND TIME OF LATEST TRANSACTION
control field 20200314114019.0
008 - FIXED-LENGTH DATA ELEMENTS--GENERAL INFORMATION
fixed length control field 200314b xxu||||| |||| 00| 0 eng d
020 ## - INTERNATIONAL STANDARD BOOK NUMBER
ISBN 81-7473-363-9
041 ## - LANGUAGE CODE
Language code of text/sound track or separate title eng
100 ## - MAIN ENTRY--AUTHOR NAME
Personal name KAVITA, DR.
245 ## - TITLE STATEMENT
Title INDUSTRIAL, BIOTECHNOLOGY
260 ## - PUBLICATION, DISTRIBUTION, ETC. (IMPRINT)
Place of publication DELHI
Name of publisher AITBS PUBLISHERS INDIA
300 ## - PHYSICAL DESCRIPTION
Number of Pages 385p,
650 ## - SUBJECT ADDED ENTRY--TOPICAL TERM
Topical Term PHARMACY
942 ## - ADDED ENTRY ELEMENTS (KOHA)
Koha item type Books
Holdings
Lost status Damaged status Collection code Home library Current library Shelving location Date acquired Source of acquisition Cost, normal purchase price Accession Number Koha item type
    PHARMACY JRU Library JRU Library SHELF - 17 - H 14/03/2020 PURCHESS 175.00 24183 Books